Clans of Japan in 1570 on a Map - Statistics

General Stats
  • This quiz has been taken 260 times
  • The average score is 9 of 19
Answers on the Map
Answers color-coded by a green-red scale on the quiz's map according to % correct below.
 
Answer Stats
Clan % Correct
Oda
88%
Tokugawa
81%
Uesugi
73%
Mori
72%
Takeda
72%
Date
69%
Hojo
68%
Shimazu
60%
Otomo
49%
Chosokame
47%
Azai
38%
Asakura
35%
Miyoshi
32%
Nanbu
32%
Amago
28%
Satake
28%
Mogami
26%
Ashina
23%
Ryuzoji
21%
No matching quizzes found
Score Distribution
Percent of People with Each Score
Percentile by Number Answered
Your Score History
You have not taken this quiz